LEADER 01000nam a2200217 4500 001 000000339081 003 CaOOAMICUS 005 20200129110737.0 008 200129s1865 it a 000 u fre r 040 $aSeMil$bita 245 00$a5: Posthume /$cpar Alexandre de Humboldt ; traduction sur l'original allemande par Ernest Sergent. 264 1$aMilan :$bMaisner & Comp.,$c1865. 300 $aVI, 132 p. :$bill. ;$c21 cm 700 11$aHumboldt, Alexander : von,$d<1769-1859>.$0(OLS)http://semarc/name/31438 700 1 $aSergent-Marceau, Ernesto.$0(OLS)http://semarc/name/110845 773 0 $aHumboldt, Alexander : von <1769-1859>$tCosmos.$dMilan : Chez l'editeur Charles Turati, 1854-1865.$bNouvelle édition$g5$w()339080 850 $aSeMil 852 $aSeMil$W1$xVenegono$y1$m3XD VII 20 FA$j218163$B230157$CSeMilBibl$Z2$F230157 $8I 996 $6245$a5: Posthume$9(OLS)http://semarc/title/427904 996 $6264$aMilan :$bMaisner & Comp.$9(OLS)http://semarc/publisher/58810 LEADER 01167nam a2200253 i 4500 001 000000044097 003 CaOOAMICUS 005 20091001000000.0 008 091001s1967 it u000 u ita u 013 $a15267 040 $aSeMil$bita 100 1 $aPaupert, Jean-Marie <1927- >.$0(OLS)http://semarc/name/21639 240 10$aPeut-on être chrétien aujourd'hui?.$0(OLS)http://semarc/title/64051 245 10$aPer un cristianesimo attuale :$bsaggio di "teologia testimoniale" /$cdi Jean-Marie Paupert ; traduzione di Anna Maria Rebaudengo De Marchi. 260 $aTorino :$bBorla,$c1967. 300 $a235 p. ;$c21 cm. 490 0 $aLe idee e la vita ;$v34 650 4$aCristianesimo.$0(OLS)http://semarc/subject/425 700 1 $aRebaudengo De Marchi, Anna Maria.$0(OLS)http://semarc/name/21917 830 3$aLe idee e la vita ;$v34.$0(OLS)http://semarc/title/6393 850 $aSeMil 852 $aSeMil$W1$xVenegono$y1$m2B III 302$j10252$B10252$CSeMilBibl$Z2$F10252 $81 996 $6245$aPer un cristianesimo attuale :$bsaggio di "teologia testimoniale"$9(OLS)http://semarc/title/65061 996 $6260$aTorino :$bBorla$9(OLS)http://semarc/publisher/29913 LEADER 00860nam a2200229 i 4500 001 000000051516 003 CaOOAMICUS 005 20070731000000.0 008 070731s1981 it u000 u ita u 013 $a22688 040 $aSeMil$bita 100 1 $aDobraczy?ski, Jan,$d<1910-1994>.$0(OLS)http://semarc/name/15639 240 10$aCien Ojca.$0(OLS)http://semarc/title/78923 245 12$aL'ombra del Padre :$bil romanzo di Giuseppe /$cJan Dobraczynski. 250 $a3. Ed. 260 $aBrescia :$bMorcelliana,$c1981. 300 $a368 p. ;$c20 cm. 850 $aSeMil 852 $aSeMil$W1$xVenegono$y1$m1W II 502$j248983$B17671$CSeMilBibl$Z2$F17672 $81 961 $aOmaggio: Donazione 996 $6245$aL'ombra del Padre :$bil romanzo di Giuseppe$9(OLS)http://semarc/title/78922 996 $6260$aBrescia :$bMorcelliana$9(OLS)http://semarc/publisher/29629